Statistiques concernant Quizz Dessin Animé Simple

Cliquez ici pour prendre le quiz!

Statistiques générales

  • Ce quiz a été pris 210 fois
  • Le résultat moyen est 13 sur 16

Statistiques - réponses

Réponse% Correct
Bob l'éponge
97%
Inspecteur Gadget
97%
Tintin
96%
Dora
93%
Mickey Mouse
93%
Pikachu
93%
Tom
93%
Aladdin
92%
Bart Simpson
91%
Shrek
91%
Simba
85%
Scooby-Doo
82%
Rick
78%
Esteban
63%
Tom Sawyer
57%
Arthur
18%

Distribution des résultats

Percentile par nombre de réponses

% des personnes avec chaque résultat

Votre développement - résultats

Vous n’avez pas pris ce quiz